000 00675nam a2200205 i 4500
001 177145
003 ES-MaACL
005 20230906220249.0
008 110307s1965 sp |||| | spa d
080 _a821.134.2-32"19"
100 1 _aSanjuán, José María.
_9103158
245 1 3 _aEl último verano /
_cJosé Mª Sanjuán.
260 _a[Madrid] :
_bLNP,
_c1965.
300 _a119 p. ;
_c17 cm.
490 1 _aLa novela popular. Contemporánea, inédita, española ;
_v21
830 0 _aLa novela popular. Contemporánea, inédita, española ;
_v21
_9188024
852 _aES-MaACL
_jE-14567
_xOlim P-213-Ter
852 _aES-MaACL
_jP-409-14
999 _c177145
_d177145